000 00277nam a22001097a 4500
008 230606b xxu||||| |||| 00| 0 eng d
082 _a351.16762
_bPSC
245 _aPublic service commission of Kenya
_bService Charter
260 _coctober, 2005
300 _a11p
942 _2ddc
_cBK
999 _c618
_d618